Zlobilky /
Uloženo v:
| Hlavní autor: | |
|---|---|
| Další autoři: | , , |
| Médium: | E-audiokniha |
| Jazyk: | Czech |
| Vydáno: |
Praha :
Albatros,
[2016]
|
| Edice: | Druhé čtení (Albatros)
|
| Témata: | |
| Tagy: |
Žádné tagy |
| LEADER | 02756nim a2200709 i 4500 | ||
|---|---|---|---|
| 001 | 313016 | ||
| 003 | CZ PrSKC | ||
| 005 | 20260601215733.0 | ||
| 007 | sd fungnnmmned | ||
| 008 | 170110t20162016xr nnnng h n cze | ||
| 015 | |a cnb002867378 | ||
| 024 | 3 | |a 8594050422865 | |
| 028 | 0 | 1 | |a 8594050422865 |b Albatros |
| 040 | |a ABA001 |b cze |e rda | ||
| 072 | 7 | |a 821.162.3-3 |x Česká próza |2 Konspekt | |
| 072 | 7 | |a 821-93 |x Literatura pro děti a mládež (beletrie) |2 Konspekt | |
| 080 | |a 821.162.3-32 |2 MRF | ||
| 080 | |a (086.7.053.2) |2 MRF | ||
| 080 | |a (086.7)08 |2 MRF | ||
| 080 | |a (086.76) |2 MRF | ||
| 100 | 1 | |a Drijverová, Martina, |d 1951-2022 |7 jk01023067 |4 aut | |
| 245 | 1 | 0 | |a Zlobilky / |c Martina Drijverová |
| 264 | 1 | |a Praha : |b Albatros, |c [2016] | |
| 264 | 4 | |c ©2016 | |
| 300 | |a 1 audiodisk (58 min.) ; |c 12 cm | ||
| 306 | |a 005800 | ||
| 336 | |a mluvené slovo |b spw |2 rdacontent | ||
| 337 | |a audio |b s |2 rdamedia | ||
| 338 | |a audiodisk |b sd |2 rdacarrier | ||
| 344 | |a digital |b optical |2 rda | ||
| 347 | |a audio soubor |b MP3 |2 rda | ||
| 490 | 1 | |a Druhé čtení | |
| 500 | |a Název z disku | ||
| 500 | |a Copyright Albatros Media | ||
| 500 | |a Nezkrácená audiokniha na MP3 CD | ||
| 508 | |a Režie Jindřiška Nováková | ||
| 511 | 0 | |a Čtou Ivana Jirešová a Sofie Höppnerová | |
| 655 | 7 | |a české příběhy |7 fd133973 |2 czenas | |
| 655 | 7 | |a zvukové záznamy pro děti a mládež |7 fd186726 |2 czenas | |
| 655 | 7 | |a audioknihy |7 fd119452 |2 czenas | |
| 655 | 7 | |a kompaktní disky |7 fd201991 |2 czenas | |
| 700 | 1 | |a Nováková, Jindřiška, |d 1954- |7 jn20010601354 |4 drt | |
| 700 | 1 | |a Jirešová, Ivana, |d 1976- |7 js20060519034 |4 nrt | |
| 700 | 1 | |a Höppnerová, Sofie |4 nrt | |
| 830 | 0 | |a Druhé čtení (Albatros) | |
| 900 | |a ABA001 |b 18 | ||
| 044 | |a xr | ||
| 505 | 0 | 0 | |t Holčička a šála (4 min., 10 sek.) |
| 505 | 0 | 0 | |t Holčička a pavouk (4 min., 46 sek.) |
| 505 | 0 | 0 | |t Holčička a vodníci (5 min., 19 sek.) |
| 505 | 0 | 0 | |t Holčička a kamínek (4 min., 36 sek.) |
| 505 | 0 | 0 | |t Holčička a mrak (4 min., 41 sek.) |
| 505 | 0 | 0 | |t Holčička a jako (5 min., 20 sek.) |
| 505 | 0 | 0 | |t Holčička a cestička (5 min., 1 sek.) |
| 505 | 0 | 0 | |t Holčička a domeček (4 min., 20 sek.) |
| 505 | 0 | 0 | |t Holčička a bublina (4 min., 30 sek.) |
| 505 | 0 | 0 | |t Holčička a strom (4 min., 55 sek.) |
| 505 | 0 | 0 | |t Holčička a ryba (4 min., 9 sek.) |
| 505 | 0 | 0 | |t Holčičky den a noc (6 min., 3 sek.) |
| 910 | |a RBIT002 | ||
| 998 | |d 206626 |a https://core.palmknihy.cz/api/books/206626/cover?sia8st |b https://core.palmknihy.cz/api/books/206626/cover/400?sia8st |c https://core.palmknihy.cz/api/books/206626/cover/50?sia8st |e 2031-12-31 |i 8594050422865 |l 3420 |q 49 |r 1 |s https://www.palmknihy.cz/kniha/206626 |t audiobook |y 2016 |z 0 | ||
| 999 | |d 313014 | ||